[Event "Linares FEDC-ch 24th"]
[Site "Linares"]
[Date "2014.11.23"]
[Round "8"]
[White "Vela Ignacio, Jose Manuel"]
[Black "Antonio, Joaquin"]
[Result "1-0"]
[WhiteElo "2128"]
[BlackElo "1763"]
[PlyCount "45"]
[EventDate "2014.11.16"]
[EventType "swiss"]
[EventRounds "8"]
[EventCountry "ESP"]
[SourceTitle "CBM 163 Extra"]
[Source "ChessBase"]
[SourceDate "2014.12.23"]
[SourceVersion "1"]
[SourceVersionDate "2014.12.23"]
[SourceQuality "1"]

1. e4 c5 2. Nf3 d6 3. Bb5+ Bd7 4. Bxd7+ Nxd7 5. d4 cxd4 6. Qxd4 e5 7. Qd3 Nc5 8. Qe2 Nf6 9. Nc3 Be7 10. Bg5 Nfxe4 11. Nxe4 Nxe4 12. Bxe7 Qxe7 13. Qxe4 0-0 14. 0-0 Rac8 15. c3 f5 16. Qd5+ Kh8 17. Rad1 Rcd8 18. Rfe1 Rfe8 19. Nd4 Qf6 20. Nb5 f4 21. Nxd6 Rxd6 22. Qxd6 Qxd6 23. Rxd6 1-0

[Event "Linares FEDC-ch 24th"]
[Site "Linares"]
[Date "2014.11.22"]
[Round "7"]
[White "Antonio, Joaquin"]
[Black "Garcia Cervigon, Juan Pablo"]
[Result "1-0"]
[WhiteElo "1763"]
[BlackElo "1709"]
[PlyCount "111"]
[EventDate "2014.11.16"]
[EventType "swiss"]
[EventRounds "8"]
[EventCountry "ESP"]
[SourceTitle "CBM 163 Extra"]
[Source "ChessBase"]
[SourceDate "2014.12.23"]
[SourceVersion "1"]
[SourceVersionDate "2014.12.23"]
[SourceQuality "1"]

1. e4 c5 2. Nf3 Nc6 3. d4 cxd4 4. Nxd4 Nf6 5. Nc3 g6 6. h3 Bg7 7. Be3 0-0 8. Qd2 d6 9. 0-0-0 Bd7 10. Be2 Rc8 11. f4 Na5 12. g4 Nc4 13. Bxc4 Rxc4 14. e5 Ne8 15. Nb3 a5 16. Qd3 b5 17. Nd2 Rc8 18. Nxb5 Bxb5 19. Qxb5 Qc7 20. c3 dxe5 21. Nb1 Nd6 22. Qa4 Rb8 23. b3 Rb7 24. Rh2 Rfb8 25. Rc2 Nc4 26. Bf2 exf4 27. Rd5 Ne3 28. Bxe3 fxe3 29. Qe4 Qg3 30. Rxa5 Qxh3 31. Rd5 e6 32. Rd1 Rb5 33. Qg2 Qxg2 34. Rxg2 Rd5 35. Rxd5 exd5 36. Kc2 f5 37. Kd3 f4 38. Ke2 Kf7 39. Kf3 Be5 40. b4 Kf6 41. a4 Kg5 42. a5 d4 43. cxd4 Bxd4 44. Na3 Be5 45. Nc2 h5 46. Rh2 Rh8 47. a6 h4 48. b5 Rb8 49. a7 Ra8 50. b6 Rg8 51. Rg2 Ra8 52. Rg1 h3 53. Rh1 Rc8 54. Rh2 e2 55. Rxe2 Rg8 56. Rh2 1-0